000 00754nam a2200253Ia 4500
003 OSt
005 20220927105549.0
006 a|||||r|||| 00| 0
007 ta
008 220926b |||||||| |||| 00| 0 eng d
024 _a177130
037 _cReference Collections
040 _aRTL
_cRTL
_beng
041 _2eng
_aeng
082 _a"V2,31p.N87, M7.142-7/GD"
110 _a"INDIA, RAJYA SABHA"
_9373297
245 0 _aParliamentary Debates
_b Official report.
260 _aNew
_bDelhi Rajya Sabha Secretariat India
_c1987
300 _a"ii,282p."
_ccm.
490 _v"Vol. 142, no. 7"
700 _a"INDIA, RAJYA SABHA"
_9373298
942 _h"V2,31p.N87, M7.142-7/GD"
_cCC
999 _c693115
_d693115